000 00202nam a2200097Ia 4500
008 151213s9999 xx 000 0 und d
245 _aBlank Cell
300 _a8624 p.
650 _aTextile
999 _c4414
_d4414